000
00206nam a22000857a 4500
008
170302b xxu||||| |||| 00| 0 eng d
100
_9
3014
_a
Tortora.G.J
245
_a
Surface Anotamy
260
_a
John
_b
Wiley
_c
2004
999
_c
6257
_d
6257